000 00187nam a2200085 4500
001 1256437
005 20251229140648.0
245 _aSICAK EKMEK
_cGÜLTEN DAYIOĞLU
260 _bALTIN YAYINLARI
999 _c1256437
_d1256437